[Event "EU-ch U10 26th"]
[Site "Prague"]
[Date "2016.08.21"]
[Round "4"]
[White "Caliskan, Seha"]
[Black "Fatalizade, Murad"]
[Result "1-0"]
[WhiteElo "1645"]
[BlackElo "1440"]
[PlyCount "53"]
[EventDate "2016.08.18"]
[EventType "swiss"]
[EventRounds "9"]
[EventCountry "CZE"]
[SourceTitle "CBM 174 Extra"]
[Source "ChessBase"]
[SourceDate "2016.10.10"]
[SourceVersion "1"]
[SourceVersionDate "2016.10.10"]
[SourceQuality "1"]

1. d4 Nf6 2. Nf3 g6 3. Bg5 Bg7 4. Nbd2 d5 5. e3 c6 6. c3 0-0 7. Be2 Nbd7 8. 0-0 Re8 9. b4 a5 10. a3 e5 11. Nb3 e4 12. Nfd2 a4 13. Nc5 b5 14. Qc2 Nf8 15. c4 bxc4 16. Nxa4 h6 17. Bxf6 Qxf6 18. Nc3 g5 19. b5 cxb5 20. Nxd5 Qd6 21. Nc3 Bd7 22. Ndxe4 Qe7 23. Nc5 Rab8 24. Rfb1 Ng6 25. Na6 Rb7 26. Bxc4 Ra7 27. Qxg6 1-0